<?xml version="1.0" encoding="UTF-8"?><?xml-stylesheet type="text/xsl" href="static/style.xsl"?><OAI-PMH xmlns="http://www.openarchives.org/OAI/2.0/" xmlns:xsi="http://www.w3.org/2001/XMLSchema-instance" xsi:schemaLocation="http://www.openarchives.org/OAI/2.0/ http://www.openarchives.org/OAI/2.0/OAI-PMH.xsd"><responseDate>2026-04-14T05:48:33Z</responseDate><request verb="GetRecord" identifier="oai:www.recercat.cat:2072/466839" metadataPrefix="marc">https://recercat.cat/oai/request</request><GetRecord><record><header><identifier>oai:recercat.cat:2072/466839</identifier><datestamp>2024-11-04T05:25:41Z</datestamp><setSpec>com_2072_98</setSpec><setSpec>col_2072_378192</setSpec></header><metadata><record xmlns="http://www.loc.gov/MARC21/slim" xmlns:dcterms="http://purl.org/dc/terms/" xmlns:xsi="http://www.w3.org/2001/XMLSchema-instance" xmlns:doc="http://www.lyncode.com/xoai" xsi:schemaLocation="http://www.loc.gov/MARC21/slim http://www.loc.gov/standards/marcxml/schema/MARC21slim.xsd">
   <leader>00925njm 22002777a 4500</leader>
   <datafield ind2=" " ind1=" " tag="042">
      <subfield code="a">dc</subfield>
   </datafield>
   <datafield ind2=" " ind1=" " tag="720">
      <subfield code="a">Souza, Cristiane Prudenciano de</subfield>
      <subfield code="e">author</subfield>
   </datafield>
   <datafield ind2=" " ind1=" " tag="260">
      <subfield code="c">2023</subfield>
   </datafield>
   <datafield ind2=" " ind1=" " tag="520">
      <subfield code="a">As reflexões do artigo são resultado de uma pesquisa de mestrado realizada no Brasil, nos anos 2015-2018, abordando a luta histórica de travestis e transexuais femininas no espaço do ativismo. Desvendamos as práticas sociais, táticas e estratégias, tendo como foco as conquistas de espaço social e político, como a luta pela visibilidade das principais pautas do movimento trans organizado. Percorremos um caminho que abrange temporalidades diferentes. Resgatamos a importância das precursoras que contribuíram com a visibilidade da luta desde 1970. Na sequência, abordamos um breve recorte histórico do movimento LGBT brasileiro, com a participação ativista de travestis e transexuais, no marco referencial de 1990 até 2016. Por fim, coletamos no período de 2014 até 2016, narrativas de travestis e transexuais da cidade do Recife, nordeste do Brasil, viabilizada através de entrevistas que demonstram a continuação do legado da resistência a toda forma de violação de direitos.</subfield>
   </datafield>
   <datafield ind2=" " ind1=" " tag="520">
      <subfield code="a">The reflections of the article are the result of a master's research conducted in Brazil, in the years 2015-2018, addressing the historical struggle of female transvestites and transsexuals in the space of activism in the years 2015-2018, addressing the historical struggle of female transvestites and transsexuals in the space of activism. We unveil the social practices, tactics and strategies, focusing on the conquests of social and political space, such as the struggle for visibility of the main agendas of the organized trans movement. We follow a path that covers different temporalities. We rescue the importance of the precursors who contributed to the visibility of the struggle since 1970. Next, we address a brief historical cut of the Brazilian LGBT movement, with the activist participation of transvestites and transsexuals, in the frame of reference from 1990 to 2016. Finally, in the period from 2014 to 2016, we collected narratives of transvestites and transsexuals from the city of Recife, northeastern Brazil, made possible through interviews that demonstrate the continuation of the legacy of resistance to all forms of rights violation.</subfield>
   </datafield>
   <datafield ind1="8" ind2=" " tag="024">
      <subfield code="a">http://hdl.handle.net/2072/466839</subfield>
   </datafield>
   <datafield tag="653" ind2=" " ind1=" ">
      <subfield code="a">Travestis</subfield>
   </datafield>
   <datafield tag="653" ind2=" " ind1=" ">
      <subfield code="a">Pessoas trans</subfield>
   </datafield>
   <datafield tag="653" ind2=" " ind1=" ">
      <subfield code="a">Práticas sociais</subfield>
   </datafield>
   <datafield tag="653" ind2=" " ind1=" ">
      <subfield code="a">Direitos humanos</subfield>
   </datafield>
   <datafield tag="653" ind2=" " ind1=" ">
      <subfield code="a">Transexuals</subfield>
   </datafield>
   <datafield tag="653" ind2=" " ind1=" ">
      <subfield code="a">Social practices</subfield>
   </datafield>
   <datafield tag="653" ind2=" " ind1=" ">
      <subfield code="a">Human rights</subfield>
   </datafield>
   <datafield ind2="0" ind1="0" tag="245">
      <subfield code="a">Travestis e Transexuais no Brasil : Memórias de Luta e Resistência</subfield>
   </datafield>
</record></metadata></record></GetRecord></OAI-PMH>